Formulaire des gaz
Đã lưu trong:
| Tác giả chính: | |
|---|---|
| Định dạng: | Sách |
| Ngôn ngữ: | Tiếng Pháp |
| Được phát hành: |
París, Francia
Librairie Polytechnique Ch. Béranger
1957
|
| Những chủ đề: | |
| Các nhãn: |
Thêm thẻ
Không có thẻ, Là người đầu tiên thẻ bản ghi này!
|
MARC
| LEADER | 00000nam a2200000 a 4500 | ||
|---|---|---|---|
| 001 | UCU7223 | ||
| 003 | CL-VaPUC | ||
| 005 | 20250224112746.0 | ||
| 008 | 960628e19570000FR |||||||||||||||||fre|d | ||
| 999 | |c 249902 |d 249900 | ||
| 040 | |c Pontificia Universidad Católica de Valparaíso | ||
| 082 | 0 | 4 | |a 665.8 BOU 1957 |2 21 |
| 100 | |a Bouron, André |9 314900 | ||
| 245 | 1 | 0 | |a Formulaire des gaz |
| 260 | 0 | 3 | |a París, Francia |b Librairie Polytechnique Ch. Béranger |c 1957 |
| 300 | |a 200 páginas | ||
| 583 | |a last modification |c 19960628 00:00:00 |k Rodrigo Vera | ||
| 650 | 0 | |a Tecnología química |9 263002 | |
| 650 | 0 | |a Gases |9 260945 | |
| 650 | 0 | |a Estados de la Materia |9 347141 | |
| 650 | 0 | |a Vapores |9 503602 | |
| 650 | 7 | |a HIDROCARBUROS |2 CL-VaPUC |9 344783 | |
| 650 | 7 | |a INDUSTRIA QUIMICA |2 CL-VaPUC |9 365862 | |
| 942 | |c BK |2 ddc | ||
| 945 | |d 19960628 00:00:00 |a paguirre | ||
| 952 | |0 0 |1 0 |2 ddc |4 0 |6 665_800000000000000_BOU_1957 |7 0 |8 A |9 267464 |a BIBING |b BIBING |d 2019-11-19 |i 1699113 |o 665.8 BOU 1957 |p 1699113 |r 2025-01-20 |t 1 |w 2019-11-19 |y BK |k EIQ | ||